000 00392nam a2200181Ia 4500
005 20250603144903.0
008 250603s9999 xx 000 0 und d
020 _a9780077126841
050 _aHD 62.5 .H57/
100 _aHisrich, Robert D.
245 0 _aEntrepeneurship
260 _aUS
260 _bMcGraw-Hill
260 _c2009
300 _a593 p
650 _aUS
942 _cBK
999 _c40246
_d40246